| 000 | 00637cam a2200217ua 4500 | ||
|---|---|---|---|
| 005 | 20260515113436.0 | ||
| 008 | 110806n ii |||gr||||Z||||||asm | ||
| 040 |
_cMAIN _aIN-DiNC |
||
| 041 | _dasm | ||
| 082 |
_a370.54 _bSHA |
||
| 100 |
_aSharma, Tarun Kr., _eauthor |
||
| 245 | 1 |
_aBharatat shiksha bikashar itihas aru samasyawali/ _cby Tarun Kr. Sharma |
|
| 250 | _a5th. | ||
| 260 |
_aDibrugarh: _bBanalata, _c2008. _aGuahati: |
||
| 300 |
_a469p: _c23cm. |
||
| 650 | _aEducation | ||
| 650 | _aDevelopment of education in India | ||
| 653 | _aEducation | ||
| 653 | _aBharatat shiksha bikashar itihas aru samasyawali | ||
| 942 |
_cBK _2ddc |
||
| 999 |
_c1929 _d1929 |
||